Quartiers parisiens - quel arrondissement ? - Statistiques

Statistiques générales
  • Ce quiz a été pris 53 fois
  • Le résultat moyen est 40 sur 80
Statistiques - réponses
Hint Réponse % Correct
Auteuil 16
77%
Ternes 17
77%
Bel-Air 12
72%
Petit-Montrouge 14
72%
Grenelle 15
72%
Villette 19
72%
Champs-Élysées 8
72%
Bercy 12
70%
Clignancourt 18
70%
Picpus 12
68%
Batignolles 17
68%
Sorbonne 5
68%
Palais-Royal 1
64%
Parc-de-Montsouris 14
64%
Javel 15
64%
Muette 16
64%
Odéon 6
64%
Saint-Germain-des-Prés 6
64%
Invalides 7
64%
Place-Vendôme 1
62%
Montparnasse 14
62%
Chaussée-d'Antin 9
62%
Plaine-de-Monceaux 17
60%
Goutte-d'Or 18
60%
Père-Lachaise 20
60%
Porte-Dauphine 16
57%
Chapelle 18
57%
Madeleine 8
57%
Les Halles 1
55%
Roquette 11
55%
Jardin-des-Plantes 5
55%
École-Militaire 7
55%
Porte-Saint-Martin 10
53%
Plaisance 14
53%
Épinettes 17
53%
Maison-Blanche 13
51%
Arts-et-Métiers 3
51%
Saint-Georges 9
51%
Saint-Ambroise 11
49%
Salpêtrière 13
49%
Pont-de-Flandre 19
49%
Porte-Saint-Denis 10
47%
Hôpital-Saint-Louis 10
47%
Necker 15
47%
Belleville 20
47%
Saint-Fargeau 20
47%
Notre-Dame 4
47%
Folie-Méricourt 11
45%
Notre-Dame-des-Champs 6
45%
Faubourg-du-Roule 8
45%
Faubourg-Montmartre 9
45%
Saint-Lambert 15
43%
Enfants-Rouges 3
43%
Quinze-Vingts 12
40%
Vivienne 2
40%
Val-de-Grâce 5
40%
Gros-Caillou 7
40%
Europe 8
40%
Saint-Germain-l'Auxerrois 1
38%
Chaillot 16
38%
Monnaie 6
38%
Mail 2
36%
Archives 3
36%
Saint-Merri 4
36%
Saint-Thomas-d'Aquin 7
36%
Saint-Vincent-de-Paul 10
34%
Gare 13
34%
Croulebarbe 13
34%
Grandes-Carrières 18
34%
Amérique 19
32%
Arsenal 4
32%
Rochechouart 9
32%
Combat 19
30%
Saint-Gervais 4
30%
Saint-Victor 5
30%
Charonne 20
28%
Bonne-Nouvelle 2
26%
Gaillon 2
23%
Sainte-Marguerite 11
19%
Sainte-Avoye 3
19%
Aucun quiz correspondant
Distribution des résultats
% des personnes avec chaque résultat
Percentile par nombre de réponses
Votre historique - résultats
Vous n’avez pas pris ce quiz